000 00622nam a2200217Ia 4500
003 BUBTL
008 151213s9999 xx 000 0 und d
020 _a984-70215-0024-6
082 _a344.015492/CHB
100 _aChandra, Nirmal Paul
_94119
245 _aThe Bangladesh Labour Code, 2006 and Other Related Law
_cNirmal Chandra Paul
250 _a2nd
260 _aDhaka
_bShams Pulications
_c2007
300 _a500p . :
_bill . ; 22cm.
650 _aLaw
_94120
650 _aLaw
_94120
700 _aNirmal Chandra Paul
_94121
856 _k0
_l0
_yDownload
942 _2ddc
_cBK
999 _c3431
_d3431